00707nam a22002417a 450000100040000000500170000400800410002102000270006202000180008904000300010705000250013708200120016210000170017424500250019126000370021630000570025350500060031052000700031652100170038652100190040365000210042265000220044354020230615155634.0230615b cb ||||| |||| 00| 0 eng d a1568361513 (hardcover) a9780749708252 aDLCcDLCdDLCdFISKHbeng00aPZ7.B828416bMh 199500a[E]2201 aBruna, Dick.10aMiffy /cDick Bruna. aNew York :bLittle Mamothc1991. a28 unnumbered pages :bcolor illustrations ;c17 cm. aL aMr. and Mrs. Rabbit's wish to have a baby is granted by an angel. a500 bLexile aL bRaz-Plus 1aBabiesvFiction. 1aRabbitsvFiction.